TV Shows Based on Movies Quiz Stats

 Plays Quiz Updated Jun 15, 2018

Challenge
Share
Tweet
Score 0/20 Timer 10:00
1 Play Today
% Correct
M*A*S*H (1972-1983)
94.9%
Scream (2015-present)
89.4%
Friday Night Lights (2006-2011)
77.4%
Clueless (1996-1999)
76.7%
The Young Indiana Jones Chronicles (1992-1993)
72.1%
Buffy the Vampire Slayer (1997-2003)
68.8%
The Odd Couple (1970-1975)
68.8%
Fargo (2014-present)
63.5%
Blade: The Series (2006)
62.6%
Harry and the Hendersons (1991-1993)
60.4%
% Correct
Weird Science (1994-1998)
58.5%
Bates Motel (2013-2017)
56.9%
Parenthood (2010-2015)
43.8%
My Big Fat Greek Life (2003)
42.8%
Alice (1976-1985)
40.4%
Stargate SG-1 (1997-2007)
39.8%
Terminator: The Sarah Connor Chronicles (2008-2009)
30.7%
Honey, I Shrunk the Kids: The TV Show (1997-2000)
30.5%
Teen Wolf (2011-2017)
23.8%
Uncle Buck (1990-1991)
10.8%

You're not logged in!

Compare scores with friends on all Sporcle quizzes.
OR
Log In

You Might Also Like...

Show Comments

Extras

Top Quizzes Today


Score Distribution

Your Account Isn't Verified!

In order to create a playlist on Sporcle, you need to verify the email address you used during registration. Go to your Sporcle Settings to finish the process.

Report this User

Report this user for behavior that violates our Community Guidelines.

Details: